| 000 | 00961nam a2200229Ia 4500 | ||
|---|---|---|---|
| 003 | PILC | ||
| 005 | 20150722103553.0 | ||
| 008 | 140512s9999 xx 000 0 und d | ||
| 020 | _a9780199138777 | ||
| 050 |
_aQC 21 _b.P828 2010 |
||
| 100 | _aPople, Stephen | ||
| 245 |
_aComplete physics for Cambridge IGCSE _cStephen Pople |
||
| 250 | _a2nd ed. | ||
| 260 |
_aNew York : _bOxford University Press, _cc2010. |
||
| 300 |
_a336 p. : _bcol. Ill. ; _c28 cm. |
||
| 500 | _aIncludes Reference, Answers, and Index | ||
| 520 | _aThis second edition provides full coverage of the most recent Cambridge IGCSE syllabus in a highly illustrative and accessible way. It also comes with a free CD, including additional exam style questions, interactive exercises and revision tips. Fully endorsed by Cambridge International Examinations. | ||
| 650 |
_aPhysics _xExaminations |
||
| 650 |
_aPhysics _xExaminations -- Study guide |
||
| 942 |
_cBK _2lcc |
||
| 999 |
_c116677 _d116677 |
||